LEADER 01240cam2 2200397 450 001 990000506140203316 005 20140117123853.0 035 $a0050614 035 $aUSA010050614 035 $a(ALEPH)000050614USA01 035 $a0050614 100 $a20010613f---0---9km-y0itay50------ba 101 0 $aita 102 $aIT 105 $ay|||||||001yy 200 1 $aDal Muratori al Cesarotti 210 $aMilano$aNapoli$cRicciardi 215 $avolumi$d22 cm 225 2 $a<> letteratura italiana$v44 410 0$1001000367518$12001$a<> letteratura italiana$v, 44 606 0 $aLetteratura italiana$zSec. 18.$xAntologie$2BNCF 676 $a858.60808 801 0$aIT$bsalbc$gISBD 912 $a990000506140203316 951 $aVI.3. Coll. 23/ 64/(V A Coll. 12/44/)$bL.M.$cVI.3. Coll. 959 $aBK 969 $aUMA 979 $aPATTY$b90$c20010613$lUSA01$h1233 979 $aPATTY$b90$c20010613$lUSA01$h1252 979 $c20020403$lUSA01$h1659 979 $aPATRY$b90$c20040406$lUSA01$h1635 979 $aANNAMARIA$b90$c20140117$lUSA01$h1228 979 $aANNAMARIA$b90$c20140117$lUSA01$h1238 979 $aANNAMARIA$b90$c20140117$lUSA01$h1238 996 $aDal Muratori al Cesarotti$9588472 997 $aUNISA